Ancient Greece : (Record no. 1654)

MARC details
000 -LEADER
fixed length control field 01450cam a2200265 a 4500
005 - DATE AND TIME OF LATEST TRANSACTION
control field 20250428104238.0
020 ## - INTERNATIONAL STANDARD BOOK NUMBER
International Standard Book Number 9781405334938
040 ## - CATALOGING SOURCE
Original cataloging agency DLC
Transcribing agency DLC
Modifying agency DLC
Language of cataloging eng
050 00 - LIBRARY OF CONGRESS CALL NUMBER
Classification number DF77
Item number .A595 2008
082 00 - DEWEY DECIMAL CLASSIFICATION NUMBER
Classification number 938
Edition number 22
100 ## - MAIN ENTRY--PERSONAL NAME
Personal name Scarbiriygh, Kate
245 00 - TITLE STATEMENT
Title Ancient Greece :
Statement of responsibility, etc. By Kate Scarborough
250 ## - EDITION STATEMENT
Edition statement First published in the United States in 2008
260 ## - PUBLICATION, DISTRIBUTION, ETC.
Date of publication, distribution, etc. 2009 .
Name of publisher, distributor, etc. Doling Kindersley Limited ,
Place of publication, distribution, etc. London :
300 ## - PHYSICAL DESCRIPTION
Extent 46 pages :
Other physical details Color illustrations, maps ;
Dimensions 29 cm .
490 ## - SERIES STATEMENT
Series statement Eyewitness Project Books
505 ## - FORMATTED CONTENTS NOTE
Formatted contents note Z <br/>
520 ## - SUMMARY, ETC.
Summary, etc. Help your child get to the top of the class fast with this Eyewitness Project Book on Ancient Greece From famous Gods to the insides of temples, watch your child take their knowledge of Ancient Greece to the next level using this fill-in home-study workbook. Test their knowledge and train their brains with hands-on activities, amazing stickers and quick-fire quiz pages. Do the activities together and encourage your child to practise essential skills at home to keep them one step ahead of the class. Fun-filled curriculum based exercises will help them progress with confidence. Reward stickers, a progress chart and pull-out certificate make learning about Ancient Greece fun and easy!
521 ## - TARGET AUDIENCE NOTE
Target audience note 900 <br/>
Source Lexile <br/>
521 ## - TARGET AUDIENCE NOTE
Target audience note Z <br/>
Source Raz-Plus <br/>
700 1# - ADDED ENTRY--PERSONAL NAME
Personal name Allen, Linsay
906 ## - LOCAL DATA ELEMENT F, LDF (RLIN)
a 7
b cbc
c orignew
d 1
e ocip
f 20
g y-gencatlg
942 ## - ADDED ENTRY ELEMENTS (KOHA)
Source of classification or shelving scheme Dewey Decimal Classification
Koha item type Books
Suppress in OPAC No
999 ## -
-- 1654
-- 1654
Holdings
Withdrawn status Lost status Source of classification or shelving scheme Damaged status Not for loan Collection Home library Current library Shelving location Date acquired Total Checkouts Full call number Barcode Date last seen Copy number Price effective from Koha item type
    Dewey Decimal Classification     Non-Fiction Footprints International School Library Network Toul Tom Poung Campus Footprints International School Library Network Toul Tom Poung Campus TTP Secondary Non-Fiction Bookshelves 09/13/2023   SCA 938 FIS01482 09/13/2023 1 09/13/2023 Books
    Dewey Decimal Classification     Non-Fiction Footprints International School Library Network Toul Tom Poung Campus Footprints International School Library Network Toul Tom Poung Campus TTP Secondary Non-Fiction Bookshelves 09/13/2023   SCA 938 FIS04234 09/13/2023 2 09/13/2023 Books